[Event "4NCL 3 South pool D"]
[Site "Telford, ENG"]
[Date "2016.05.02"]
[Round "11.99"]
[White "Jones, Christopher M"]
[Black "Vachtfeidl, Petr"]
[Result "1-0"]
[WhiteElo "2121"]
[BlackElo "1958"]
[PlyCount "45"]
[EventDate "2016.05.02"]

1. e4 c5 2. Nc3 Nc6 3. f4 e6 4. Nf3 d5 5. d3 Nf6 6. e5 Nd7 7. g3 b5 8. Bg2 b4
9. Ne2 a5 10. O-O Be7 11. Kh1 O-O 12. Be3 Ba6 13. Re1 Qc7 14. Bf2 Rfc8 15. g4
f6 16. exf6 Nxf6 17. Bh3 Qd7 18. Ng3 Nd8 19. g5 Ne8 20. Ne5 Qd6 21. Qh5 Bb7 22.
Qxe8+ Bf8 23. Qh5 1-0

[Event "4NCL 3 South pool D"]
[Site "Telford, ENG"]
[Date "2016.05.02"]
[Round "11.99"]
[White "Fowler, David"]
[Black "Compton, Alistair"]
[Result "0-1"]
[WhiteElo "1888"]
[BlackElo "2085"]
[PlyCount "80"]
[EventDate "2016.05.02"]

1. e4 e6 2. d4 d5 3. Nc3 Bb4 4. a3 Bxc3+ 5. bxc3 dxe4 6. Qg4 Nf6 7. Qxg7 Rg8 8.
Qh6 Rg6 9. Qd2 c5 10. Ne2 Nc6 11. Nf4 Rg8 12. Bb2 Qb6 13. O-O-O cxd4 14. cxd4
Ne7 15. c4 Bd7 16. d5 exd5 17. Nxd5 Nfxd5 18. cxd5 Ba4 19. d6 Qc6+ 20. Kb1 Bxd1
21. dxe7 Ba4 22. Be2 Kxe7 23. Qb4+ Ke8 24. Rc1 a5 25. Qd4 Rd8 26. Qe5+ Qe6 27.
Qxa5 Bc6 28. Bc4 Qe7 29. Qh5 e3 30. Re1 Qe4+ 31. Ka1 Qxc4 32. Rxe3+ Kd7 33.
Qf5+ Kc7 34. Qa5+ Kc8 35. Qf5+ Rd7 36. Rc3 Qe6 37. Qa5 Rd1+ 38. Bc1 Kb8 39. Kb2
Qe2+ 40. Ka1 Qb5 0-1

[Event "4NCL 3 South pool D"]
[Site "Telford, ENG"]
[Date "2016.05.02"]
[Round "11.99"]
[White "Piper, Stephen J"]
[Black "Cooke, Charlie"]
[Result "1-0"]
[WhiteElo "2063"]
[BlackElo "1832"]
[PlyCount "95"]
[EventDate "2016.05.02"]

1. c4 e5 2. Nc3 Nf6 3. g3 d6 4. Bg2 Be7 5. d3 O-O 6. Nf3 c5 7. O-O Nc6 8. a3
Rb8 9. Rb1 a5 10. e4 Bd7 11. h3 b6 12. Kh2 Nd4 13. b4 Nxf3+ 14. Qxf3 axb4 15.
axb4 Be6 16. Qe2 Nd7 17. f4 f6 18. Be3 Re8 19. f5 Bf7 20. b5 Ra8 21. Ra1 Qc7
22. Ra2 Qb7 23. Rfa1 Reb8 24. Bf3 g5 25. fxg6 hxg6 26. Bg4 Nf8 27. Ra6 Be6 28.
Bxe6+ Nxe6 29. Nd5 Bd8 30. Qg4 Kf7 31. Qh4 Rxa6 32. bxa6 Qd7 33. Qh7+ Ke8 34.
Qxg6+ Qf7 35. Qf5 Ng7 36. Qh7 Ne6 37. Qxf7+ Kxf7 38. h4 Kg6 39. Kh3 Ng7 40. Kg4
Ra8 41. Kf3 Kh7 42. g4 Ne6 43. a7 Kg7 44. g5 fxg5 45. Bxg5 Nxg5+ 46. hxg5 Kg6
47. Kg4 Kg7 48. Kf5 1-0

[Event "4NCL 3 South pool D"]
[Site "Telford, ENG"]
[Date "2016.05.02"]
[Round "11.99"]
[White "Homolka, Vincent"]
[Black "Jaszkiwskyj, Peter"]
[Result "1/2-1/2"]
[WhiteElo "1818"]
[BlackElo "1991"]
[PlyCount "61"]
[EventDate "2016.05.02"]

1. e4 e6 2. d4 d5 3. Bd3 Nf6 4. exd5 exd5 5. Bf4 Be7 6. Nf3 Bg4 7. O-O O-O 8.
Re1 c5 9. c3 Nc6 10. dxc5 Bxc5 11. Be3 Bd6 12. Nbd2 Rc8 13. Qb3 b6 14. h3 Bh5
15. Nd4 Bb8 16. Nxc6 Rxc6 17. Bd4 Re6 18. Bf5 Qd6 19. Nf1 Re2 20. Bd3 Re7 21.
Qc2 Bg6 22. Bxg6 hxg6 23. Re3 Rxe3 24. Bxe3 Rc8 25. Rd1 Qe6 26. Qd2 Rd8 27. Bf4
Bxf4 28. Qxf4 d4 29. Rxd4 Rxd4 30. Qxd4 Qxa2 31. Qd8+ 1/2-1/2

[Event "4NCL 3 South pool D"]
[Site "Telford, ENG"]
[Date "2016.05.02"]
[Round "11.99"]
[White "Gibson, Christopher A"]
[Black "Cresswell, Mike J"]
[Result "1-0"]
[WhiteElo "1959"]
[BlackElo "1771"]
[PlyCount "67"]
[EventDate "2016.05.02"]

1. e4 Nf6 2. e5 Nd5 3. d4 d6 4. Nf3 g6 5. Be2 Bg7 6. c4 Nb6 7. exd6 cxd6 8. Be3
O-O 9. O-O N8d7 10. Qd2 Nf6 11. Bh6 Re8 12. Bxg7 Kxg7 13. Nc3 Nbd7 14. b4 a6
15. Rac1 Nf8 16. Rfd1 Be6 17. Ng5 Bg4 18. Bxg4 Nxg4 19. d5 Nf6 20. Qd4 Kg8 21.
Nge4 N8d7 22. c5 Nxe4 23. Nxe4 Ne5 24. h3 f6 25. f4 Nf7 26. c6 bxc6 27. dxc6
Rc8 28. a4 e5 29. fxe5 fxe5 30. Qd5 Qb6+ 31. Kh1 Qxb4 32. Nf6+ Kf8 33. Nxe8
Kxe8 34. Qe6+ 1-0

[Event "4NCL 3 South pool D"]
[Site "Telford, ENG"]
[Date "2016.05.02"]
[Round "11.99"]
[White "Grey, Nicholas D"]
[Black "Ressel, Eva"]
[Result "1-0"]
[WhiteElo "1737"]
[BlackElo "1603"]
[PlyCount "31"]
[EventDate "2016.05.02"]

1. e4 e5 2. Nf3 Nc6 3. d4 exd4 4. Bc4 Nf6 5. O-O Nxe4 6. Re1 d5 7. Bxd5 Qxd5 8.
Nc3 Qd8 9. Rxe4+ Be7 10. Nxd4 O-O 11. Nxc6 bxc6 12. Rd4 Bd6 13. Ne4 Re8 14. Be3
Re6 15. Bf4 Ba6 16. Nc5 1-0

[Event "4NCL 3 South pool D"]
[Site "Telford, ENG"]
[Date "2016.05.02"]
[Round "11.99"]
[White "Hall, John"]
[Black "Redman, David J"]
[Result "0-1"]
[WhiteElo "2183"]
[BlackElo "2200"]
[PlyCount "74"]
[EventDate "2016.05.02"]

1. e4 Nf6 2. e5 Nd5 3. d4 d6 4. Nf3 Nb6 5. Be2 g6 6. O-O Bg7 7. Bf4 O-O 8. c4
Nc6 9. h3 dxe5 10. dxe5 Be6 11. Qc1 Nd4 12. Nxd4 Qxd4 13. Rd1 Qc5 14. Nd2 Bxe5
15. Nb3 Bxf4 16. Qxf4 Qb4 17. Rd4 c5 18. Re4 Bf5 19. Rxe7 Nd5 20. a3 Nxf4 21.
axb4 Nxe2+ 22. Rxe2 cxb4 23. Re7 Rfc8 24. Rxb7 Rxc4 25. Na5 Rc2 26. g4 Bd3 27.
Rxb4 Re8 28. Ra3 Re1+ 29. Kh2 Be4 30. Rc3 Rxf2+ 31. Kg3 Rf6 32. Rc8+ Kg7 33.
Rbb8 Rg1+ 34. Kh4 Rf3 35. Rg8+ Kf6 36. Rb3 h6 37. Rh8 Kg7 0-1

[Event "4NCL 3 South pool D"]
[Site "Telford, ENG"]
[Date "2016.05.02"]
[Round "11.99"]
[White "Byway, Paul V"]
[Black "McGann, Gary"]
[Result "1/2-1/2"]
[WhiteElo "2071"]
[BlackElo "2093"]
[PlyCount "30"]
[EventDate "2016.05.02"]

1. Nf3 d5 2. e3 Nf6 3. c4 e6 4. Nc3 Be7 5. d4 O-O 6. Bd3 Nbd7 7. O-O c5 8. b3
b6 9. Bb2 Bb7 10. Qe2 Rc8 11. Rac1 dxc4 12. bxc4 Qc7 13. Rfd1 h6 14. Nb5 Qb8
15. Bb1 Rfd8 1/2-1/2

[Event "4NCL 3 South pool D"]
[Site "Telford, ENG"]
[Date "2016.05.02"]
[Round "11.99"]
[White "Mossong, Hubert"]
[Black "Rosen, Daniel B"]
[Result "1-0"]
[WhiteElo "2037"]
[BlackElo "2059"]
[PlyCount "61"]
[EventDate "2016.05.02"]

1. e4 g6 2. d4 Bg7 3. Nc3 d6 4. Be3 c6 5. Qd2 Nd7 6. Nf3 b5 7. Bd3 Bb7 8. O-O
Qc7 9. Rfe1 e5 10. Rad1 a6 11. a3 Ngf6 12. Bh6 O-O 13. Qg5 Ne8 14. dxe5 dxe5
15. Qh4 Qd8 16. Ng5 Bf6 17. Re3 Bxg5 18. Bxg5 f6 19. Bh6 Rf7 20. Be2 Qc7 21.
Bg4 Nf8 22. Bxf8 Kxf8 23. Qh6+ Ke7 24. Rd7+ Qxd7 25. Bxd7 Kxd7 26. Rd3+ Kc7 27.
Qe3 Nd6 28. Qc5 Rd8 29. f3 Nc4 30. Rxd8 Kxd8 31. b3 1-0

[Event "4NCL 3 South pool D"]
[Site "Telford, ENG"]
[Date "2016.05.02"]
[Round "11.99"]
[White "Davison, Chris"]
[Black "Wojciechowski, Paul"]
[Result "1-0"]
[WhiteElo "1976"]
[BlackElo "2000"]
[PlyCount "45"]
[EventDate "2016.05.02"]

1. d4 Nf6 2. Bg5 d5 3. e3 Nbd7 4. Nf3 g6 5. c4 c6 6. Nc3 Bg7 7. Be2 O-O 8. O-O
dxc4 9. Bxc4 Nb6 10. Bb3 Bg4 11. a4 a5 12. h3 Bf5 13. Ne5 Ne4 14. Bf4 Nd5 15.
Nxe4 Bxe4 16. f3 Bf5 17. Bxd5 cxd5 18. Qb3 b6 19. Nc6 Qd7 20. Qxd5 Rfe8 21. Qb5
Qb7 22. Nxa5 Rxa5 23. Qxe8+ 1-0

[Event "4NCL 3 South pool D"]
[Site "Telford, ENG"]
[Date "2016.05.02"]
[Round "11.99"]
[White "Deighton, Simon"]
[Black "McMahon, Paul"]
[Result "1/2-1/2"]
[WhiteElo "1997"]
[BlackElo "2006"]
[PlyCount "67"]
[EventDate "2016.05.02"]

1. d4 Nf6 2. c4 e5 3. dxe5 Ng4 4. Bf4 Nc6 5. Nf3 Bb4+ 6. Nbd2 Qe7 7. e3 Ngxe5
8. Nxe5 Nxe5 9. Be2 O-O 10. O-O Ng6 11. Bg3 Bd6 12. Bxd6 Qxd6 13. Ne4 Qe7 14.
Nc3 d6 15. Nd5 Qd8 16. Qc2 Be6 17. Rfd1 Rc8 18. Rd4 Kh8 19. Rad1 f5 20. c5 c6
21. Nf4 Nxf4 22. Rxf4 d5 23. Qc3 Qc7 24. g3 Rce8 25. Bf3 Bc8 26. h4 Qe5 27.
Qxe5 Rxe5 28. b4 g6 29. Rfd4 h6 30. Kg2 Kg7 31. a4 g5 32. hxg5 hxg5 33. b5 Re7
34. Rb1 1/2-1/2

[Event "4NCL 3 South pool D"]
[Site "Telford, ENG"]
[Date "2016.05.02"]
[Round "11.99"]
[White "Judkins, Brian D"]
[Black "Birkin, Mark H"]
[Result "0-1"]
[WhiteElo "1843"]
[BlackElo "2027"]
[PlyCount "110"]
[EventDate "2016.05.02"]

1. e4 e6 2. d4 d5 3. Nc3 Nf6 4. Bg5 Bb4 5. e5 h6 6. Bd2 Bxc3 7. bxc3 Ne4 8. Bd3
Nxd2 9. Qxd2 c5 10. Nf3 Nc6 11. O-O Qa5 12. Rfd1 Bd7 13. Rab1 cxd4 14. cxd4
Qxd2 15. Rxd2 Na5 16. Rdd1 Rc8 17. Nd2 b6 18. Nb3 Nc4 19. Nd2 Nxd2 20. Rxd2 Ke7
21. Kf1 Rc3 22. Ke2 Rhc8 23. Rb2 Ra3 24. Kd1 Ra4 25. Be2 Rc7 26. Kc1 Rc3 27.
Kb1 Rca3 28. Rd1 Kd8 29. Rd2 Kc7 30. Rd1 a6 31. Rd2 b5 32. Rd1 Kb6 33. Rd2 Ka5
34. Rd1 b4 35. Rd2 Bb5 36. Bxb5 Kxb5 37. Rd1 Rc3 38. Rb3 Ra3 39. Rxa3 Rxa3 40.
Kb2 Kc4 41. Rd2 g5 42. h3 h5 43. Rd1 g4 44. hxg4 hxg4 45. g3 Rf3 46. Rd2 a5 47.
Kc1 a4 48. Kb2 Rc3 49. Rd1 b3 50. axb3+ axb3 51. cxb3+ Rxb3+ 52. Kc2 Rc3+ 53.
Kb2 Rd3 54. Rc1+ Kxd4 55. Rc7 Rd2+ 0-1

[Event "4NCL 3 South pool D"]
[Site "Telford, ENG"]
[Date "2016.05.02"]
[Round "11.99"]
[White "Hayward, Philip"]
[Black "Freeman, Richard C P"]
[Result "1/2-1/2"]
[WhiteElo "2035"]
[BlackElo "2033"]
[PlyCount "69"]
[EventDate "2016.05.02"]

1. c4 g6 2. g3 Bg7 3. Bg2 e5 4. Nc3 Ne7 5. e4 d6 6. Nge2 Be6 7. d3 Qd7 8. Be3
c6 9. O-O O-O 10. f4 f5 11. Rc1 Na6 12. b3 Nc7 13. Qd2 b6 14. d4 fxe4 15. Nxe4
d5 16. cxd5 exf4 17. Bxf4 Ncxd5 18. Be5 Nf5 19. Bxg7 Kxg7 20. Rf3 Nfe7 21. Rcf1
Nf5 22. g4 Nd6 23. Rxf8 Rxf8 24. Rxf8 Nxe4 25. Bxe4 Kxf8 26. h3 Kg7 27. Qe1 Qd6
28. Qf2 Qf8 29. Qg3 Qe7 30. Qe5+ Qf6 31. Qd6 Bf7 32. Qg3 Qe7 33. Qf3 Qf6 34.
Qg3 Qe7 35. Qf3 1/2-1/2

[Event "4NCL 3 South pool D"]
[Site "Telford, ENG"]
[Date "2016.05.02"]
[Round "11.99"]
[White "Smith, Graham"]
[Black "Idle, Oscar"]
[Result "1-0"]
[WhiteElo "2015"]
[BlackElo "1840"]
[PlyCount "69"]
[EventDate "2016.05.02"]

1. Nf3 Nf6 2. d4 e6 3. c4 Bb4+ 4. Bd2 Qe7 5. a3 Bxd2+ 6. Qxd2 b6 7. g3 Bb7 8.
Bg2 O-O 9. O-O d5 10. cxd5 exd5 11. Nc3 Nbd7 12. Rac1 c5 13. Rfd1 Rfe8 14. Nh4
Ne4 15. Nxe4 dxe4 16. Nf5 Qf6 17. Bh3 Rad8 18. d5 Re5 19. Ne3 Qh6 20. Bg2 f5
21. d6 f4 22. Ng4 Qg5 23. Nxe5 e3 24. Bd5+ Kf8 25. Nxd7+ Rxd7 26. fxe3 fxg3 27.
Bxb7 Rxb7 28. Rf1+ Kg8 29. Rf3 gxh2+ 30. Kxh2 Qh5+ 31. Kg2 Qg4+ 32. Rg3 Qe4+
33. Kg1 Qe6 34. Rd1 Rd7 35. Qd5 1-0

[Event "4NCL 3 South pool D"]
[Site "Telford, ENG"]
[Date "2016.05.02"]
[Round "11.99"]
[White "Rowan, Daniel"]
[Black "Lambourne, Dan M"]
[Result "1/2-1/2"]
[WhiteElo "1877"]
[BlackElo "1990"]
[PlyCount "57"]
[EventDate "2016.05.02"]

1. c4 c5 2. Nf3 Nc6 3. Nc3 Nf6 4. e3 g6 5. d4 cxd4 6. exd4 d6 7. Be2 Bg7 8. O-O
O-O 9. d5 Nb8 10. Re1 Na6 11. h3 Bd7 12. Be3 Qc8 13. Rc1 b6 14. a3 Nc5 15. Bf1
Re8 16. b4 Nb7 17. Bd4 Qd8 18. Ne4 Nxe4 19. Rxe4 e5 20. dxe6 Rxe6 21. Rxe6 Bxe6
22. Bxg7 Kxg7 23. Nd4 Qf6 24. Nxe6+ Qxe6 25. Rc3 Re8 26. Re3 Qd7 27. Rxe8 Qxe8
28. Qd5 Qe7 29. g4 1/2-1/2

[Event "4NCL 3 South pool D"]
[Site "Telford, ENG"]
[Date "2016.05.02"]
[Round "11.99"]
[White "Kendall, Paul S N"]
[Black "Terry, Sean"]
[Result "1/2-1/2"]
[WhiteElo "1958"]
[BlackElo "1914"]
[PlyCount "39"]
[EventDate "2016.05.02"]

1. e4 c5 2. Nc3 e6 3. g3 Nc6 4. Bg2 g6 5. d3 Bg7 6. Nf3 Nge7 7. O-O O-O 8. h4
Rb8 9. Be3 Nd4 10. Qd2 Nec6 11. Nd1 d6 12. c3 Nxf3+ 13. Bxf3 Ne5 14. Be2 f5 15.
f3 b6 16. d4 Nf7 17. Nf2 Qc7 18. h5 Qe7 19. hxg6 hxg6 20. Nh3 1/2-1/2

[Event "4NCL 3 South pool D"]
[Site "Telford, ENG"]
[Date "2016.05.02"]
[Round "11.99"]
[White "Neatherway, A Philip"]
[Black "Valentine, Brian J"]
[Result "0-1"]
[WhiteElo "1823"]
[BlackElo "1965"]
[PlyCount "62"]
[EventDate "2016.05.02"]

1. e4 e5 2. Nf3 Nc6 3. d4 exd4 4. Nxd4 Nf6 5. Nxc6 bxc6 6. e5 Qe7 7. Qe2 Nd5 8.
c4 Nb6 9. Nd2 Qe6 10. b3 a5 11. Bb2 a4 12. Qe3 axb3 13. axb3 Rxa1+ 14. Bxa1 Qg6
15. g3 Bb4 16. Bd3 Qe6 17. O-O d5 18. Nf3 Qe7 19. e6 fxe6 20. Ng5 Bc5 21. Qe5
Bd6 22. Qe3 e5 23. Bxh7 Qf6 24. f4 Qe7 25. Bg6+ Kd7 26. Nf7 Bc5 27. Nxe5+ Ke6
28. Bd4 Bxd4 29. Qxd4 c5 30. f5+ Kd6 31. Qf4 Qxe5 0-1

[Event "4NCL 3 South pool D"]
[Site "Telford, ENG"]
[Date "2016.05.02"]
[Round "11.99"]
[White "Obi, Marc ON"]
[Black "Lim, Wei Xinq Sean"]
[Result "1-0"]
[WhiteElo "1900"]
[BlackElo "1740"]
[PlyCount "71"]
[EventDate "2016.05.02"]

1. c4 e5 2. g3 Nf6 3. Bg2 Nc6 4. e4 Bc5 5. Ne2 O-O 6. O-O d6 7. h3 Be6 8. d3
Qd7 9. Kh2 h6 10. Nbc3 Nh7 11. Na4 Ng5 12. Nxc5 dxc5 13. f4 Bxc4 14. dxc4 Qxd1
15. Rxd1 Ne6 16. fxe5 Nxe5 17. b3 Rad8 18. Be3 b6 19. Rd5 Nc6 20. Rad1 Nb4 21.
Rxd8 Nxd8 22. Rd2 f6 23. a3 Nbc6 24. Bf4 Na5 25. Rd3 Ndc6 26. Nc1 g5 27. Bxc7
Rf7 28. Bd6 Rd7 29. Rd5 Nd4 30. e5 fxe5 31. Bxe5 Re7 32. Bxd4 cxd4 33. Rxd4 Re1
34. b4 Rxc1 35. bxa5 bxa5 36. a4 1-0

[Event "4NCL Division 4 South"]
[Site "Telford, ENG ENG"]
[Date "2016.01.16"]
[Round "3.155"]
[White "Pink, Joshua"]
[Black "Graham, David B"]
[Result "1/2-1/2"]
[WhiteElo "1927"]
[BlackElo "2119"]
[PlyCount "98"]
[EventDate "2016.01.16"]
[WhiteTeam "Throw in the Tal 1"]
[BlackTeam "Sussex Martlets 2"]

1. e4 e6 2. d4 d5 3. Nd2 Nf6 4. e5 Nfd7 5. c3 c5 6. Bd3 Nc6 7. Ne2 cxd4 8. cxd4
f6 9. Nf4 Nxd4 10. Qh5+ Ke7 11. exf6+ Nxf6 12. Ng6+ hxg6 13. Qxh8 Kf7 14. Qh4
e5 15. Nf3 Nxf3+ 16. gxf3 Bf5 17. Bxf5 gxf5 18. Bg5 Qa5+ 19. Kf1 d4 20. Bxf6
Qa6+ 21. Kg2 Qxf6 22. Qxf6+ Kxf6 23. Rhd1 Bc5 24. Rac1 Bb6 25. a4 Rd8 26. b4 a5
27. Rc4 d3 28. b5 Ke6 29. Kf1 Kd5 30. Rh4 e4 31. Rh5 Ke6 32. fxe4 fxe4 33. Rh4
Kd5 34. Ke1 Rf8 35. Rh5+ Kc4 36. Rd2 Bd4 37. Rh4 Re8 38. Rg4 Bc3 39. Kd1 Bxd2
40. Kxd2 Re7 41. f3 Kb3 42. fxe4 Kxa4 43. b6 Kb5 44. Kxd3 Kxb6 45. Kc4 Kc6 46.
Rg6+ Kc7 47. Kd5 Rd7+ 48. Kc5 Re7 49. Kd5 Rd7+ 1/2-1/2

[Event "4NCL Division 4 South"]
[Site "Telford, ENG ENG"]
[Date "2016.01.16"]
[Round "3.156"]
[White "Payne, Matthew J"]
[Black "Ireland, David J"]
[Result "1/2-1/2"]
[WhiteElo "2022"]
[BlackElo "1910"]
[PlyCount "59"]
[EventDate "2016.01.16"]
[WhiteTeam "Sussex Martlets 2"]
[BlackTeam "Throw in the Tal 1"]

1. e4 e5 2. Nf3 Nf6 3. Nxe5 Nxe4 4. Qe2 Qe7 5. Qxe4 d6 6. d4 dxe5 7. dxe5 Nc6
8. Nc3 Qxe5 9. Bf4 Qxe4+ 10. Nxe4 Bf5 11. Bd3 O-O-O 12. O-O-O Bxe4 13. Bxe4 Bd6
14. Bxd6 Rxd6 15. Rxd6 cxd6 16. Bd5 Kd7 17. Re1 Re8 18. Rxe8 Kxe8 19. Kd2 f6
20. f4 Kd7 21. c3 Kc7 22. Be4 h6 23. h4 Ne7 24. g4 g5 25. hxg5 hxg5 26. Ke3 d5
27. Bf3 b6 28. fxg5 fxg5 29. Kd4 Kd6 30. c4 1/2-1/2

[Event "4NCL Division 4 South"]
[Site "Telford, ENG ENG"]
[Date "2016.01.16"]
[Round "3.157"]
[White "Byrne, Nigel"]
[Black "Higgs, Anthony R J"]
[Result "0-1"]
[WhiteElo "1870"]
[BlackElo "1976"]
[PlyCount "78"]
[EventDate "2016.01.16"]
[WhiteTeam "Throw in the Tal 1"]
[BlackTeam "Sussex Martlets 2"]

1. e4 d6 2. d4 Nf6 3. Nc3 Nbd7 4. Nf3 e5 5. Be2 c6 6. O-O Be7 7. h3 Qc7 8. Be3
h6 9. Qd2 Nf8 10. Rfd1 Be6 11. a4 Ng6 12. Bd3 Nh5 13. Ne2 O-O 14. g4 Nf6 15.
Ng3 Rfe8 16. Nf5 Bf8 17. N3h4 Nxh4 18. Nxh4 Rad8 19. Nf5 Bxf5 20. gxf5 exd4 21.
Bxd4 Nxe4 22. Qf4 Ng5 23. Qg4 c5 24. Be3 c4 25. Bxg5 hxg5 26. Bxc4 Re5 27. Bd3
Be7 28. Ra3 Bf6 29. Rb3 Rde8 30. Kf1 Qc6 31. f3 a6 32. Rc3 Qb6 33. Rb3 Qc7 34.
Be4 d5 35. Rxd5 Qc4+ 36. Rdd3 Qxc2 37. Re3 Qd1+ 38. Kf2 Rc5 39. Kg2 Qd2+ 0-1

[Event "4NCL Division 4 South"]
[Site "Telford, ENG ENG"]
[Date "2016.01.16"]
[Round "3.158"]
[White "Graham, William M"]
[Black "Price, Andrew"]
[Result "0-1"]
[WhiteElo "1824"]
[BlackElo "1900"]
[PlyCount "78"]
[EventDate "2016.01.16"]
[WhiteTeam "Sussex Martlets 2"]
[BlackTeam "Throw in the Tal 1"]

1. c4 Nf6 2. g3 g6 3. Bg2 Bg7 4. Nc3 O-O 5. e4 e5 6. Nge2 d6 7. O-O Nc6 8. d3
Nh5 9. Nd5 f5 10. b4 Ne7 11. Bg5 Nf6 12. Nec3 c6 13. Nxe7+ Qxe7 14. b5 Qc7 15.
a4 Be6 16. a5 Nd7 17. a6 f4 18. axb7 Qxb7 19. Be7 Rf7 20. Bxd6 c5 21. Ra6 Rc8
22. Na4 Bf8 23. Bxf8 Nxf8 24. Qa1 f3 25. Bh1 Qb8 26. Qa3 Bh3 27. Ra1 Ne6 28.
Rxe6 Bxe6 29. Nxc5 Bh3 30. Nb3 Qb6 31. Qb2 Qe6 32. Nd2 Rcf8 33. d4 exd4 34.
Qxd4 Rd7 35. Qe3 Rfd8 36. Nxf3 Rd1+ 37. Rxd1 Rxd1+ 38. Ne1 Qxc4 39. Bg2 Qb4 0-1

[Event "4NCL Division 4 South"]
[Site "Telford, ENG ENG"]
[Date "2016.01.16"]
[Round "3.159"]
[White "Goodwin, Ed H"]
[Black "Liu, David J"]
[Result "1/2-1/2"]
[WhiteElo "1860"]
[BlackElo "1836"]
[PlyCount "82"]
[EventDate "2016.01.16"]
[WhiteTeam "Throw in the Tal 1"]
[BlackTeam "Sussex Martlets 2"]

1. d4 e6 2. Nf3 Nf6 3. Bf4 d5 4. e3 c5 5. c3 Nc6 6. Bd3 Bd6 7. Bg3 O-O 8. Nbd2
b6 9. Ne5 Bb7 10. f4 Nd7 11. Qh5 f5 12. O-O Nf6 13. Qe2 Ne4 14. Nxe4 dxe4 15.
Bc4 Re8 16. Qh5 Nxe5 17. fxe5 g6 18. Qd1 Bf8 19. Qb3 Bd5 20. Bxd5 exd5 21. c4
cxd4 22. exd4 dxc4 23. Qxc4+ Kg7 24. Rad1 Qd7 25. Kh1 b5 26. Qb3 g5 27. e6 Qxe6
28. Qxe6 Rxe6 29. Rxf5 Kg6 30. Rxb5 Rc8 31. h3 a6 32. Re5 Rxe5 33. Bxe5 Rc2 34.
d5 e3 35. d6 e2 36. Re1 Kf7 37. Kg1 Ke6 38. Bg3 Rxb2 39. a3 Bxd6 40. Bxd6 Kxd6
41. Kf2 Ra2 1/2-1/2

[Event "4NCL Division 4 South"]
[Site "Telford, ENG ENG"]
[Date "2016.01.16"]
[Round "3.160"]
[White "Graham, Cassie M"]
[Black "Woolgar, Steven G"]
[Result "1-0"]
[WhiteElo "1806"]
[BlackElo "1787"]
[PlyCount "97"]
[EventDate "2016.01.16"]
[WhiteTeam "Sussex Martlets 2"]
[BlackTeam "Throw in the Tal 1"]

1. e4 c5 2. Nc3 Nc6 3. f4 d6 4. Nf3 g6 5. Bc4 Bg7 6. d3 Nf6 7. O-O O-O 8. Qe1
Na5 9. f5 Nxc4 10. dxc4 a6 11. Qh4 Bd7 12. Bh6 Bc6 13. Ng5 Nh5 14. Bxg7 Kxg7
15. g4 h6 16. Nxf7 Rxf7 17. gxh5 g5 18. Qg4 Qg8 19. Rf2 Raf8 20. Re1 Rf6 21.
Nd5 Bxd5 22. cxd5 b5 23. Re3 b4 24. Rg2 Kf7 25. Reg3 Qh7 26. Qe2 Ra8 27. Rg4
Qh8 28. R2g3 Kf8 29. Qd3 Rf7 30. c3 bxc3 31. Qxc3 Qxc3 32. Rxc3 Ke8 33. Rb3 Kd8
34. h4 Kc7 35. hxg5 hxg5 36. Rxg5 a5 37. h6 Rh7 38. Rg6 Rah8 39. Rh3 Kb6 40.
Kf2 Kb5 41. Ke3 Kc4 42. Kf4 Kd4 43. b3 c4 44. bxc4 Kxc4 45. Kg5 Kd4 46. Rh4 Re8
47. Rg7 Rhh8 48. h7 Ke5 49. Kh6 1-0

[Event "4NCL Division 4 South"]
[Site "Telford, ENG ENG"]
[Date "2016.01.16"]
[Round "3.165"]
[White "Davis, Lee"]
[Black "Chan, Nevil"]
[Result "1/2-1/2"]
[WhiteElo "2002"]
[BlackElo "2040"]
[PlyCount "63"]
[EventDate "2016.01.16"]
[WhiteTeam "The Full Ponty"]
[BlackTeam "Cambridge University 3"]

1. d4 b6 2. c4 Bb7 3. Nf3 e6 4. Nc3 f5 5. e3 Nf6 6. Bd3 Be7 7. O-O O-O 8. Rb1
Qe8 9. b4 Qg6 10. d5 Na6 11. a3 c5 12. Ne5 Qe8 13. b5 Nc7 14. Be2 Bd6 15. Nf3
exd5 16. cxd5 Ne4 17. Bb2 Nxc3 18. Bxc3 Bxd5 19. Qa4 Be7 20. Rbd1 Be6 21. Ne5
Bf6 22. Qc2 d5 23. a4 Bc8 24. Qb2 Bb7 25. Bf3 Rd8 26. Rd2 Qe6 27. Rfd1 d4 28.
exd4 cxd4 29. Rxd4 Bxf3 30. Rxd8 Rxd8 31. Rxd8+ Bxd8 32. Nxf3 1/2-1/2

[Event "4NCL Division 4 South"]
[Site "Telford, ENG ENG"]
[Date "2016.01.16"]
[Round "3.166"]
[White "Campbell, Mark C"]
[Black "Davies, Peter"]
[Result "0-1"]
[WhiteElo "1964"]
[BlackElo "2017"]
[PlyCount "100"]
[EventDate "2016.01.16"]
[WhiteTeam "Cambridge University 3"]
[BlackTeam "The Full Ponty"]

1. e4 e5 2. Nf3 Nc6 3. Bb5 a6 4. Ba4 Nf6 5. O-O Nxe4 6. d4 b5 7. Bb3 d5 8. dxe5
Be6 9. c3 Bc5 10. Nbd2 O-O 11. Bc2 Nxf2 12. Rxf2 f6 13. exf6 Bxf2+ 14. Kxf2
Qxf6 15. Kg1 Ne5 16. Nxe5 Qxe5 17. Nf3 Qh5 18. Qd4 Rae8 19. Be3 Bg4 20. Nd2 c6
21. Nf1 Bd7 22. Ng3 Qg4 23. Qxg4 Bxg4 24. Bd4 g6 25. Bd3 Bd7 26. Rf1 Rxf1+ 27.
Kxf1 Kf7 28. Kf2 Bg4 29. h3 Bd7 30. Be3 Ke6 31. Ne2 Rf8+ 32. Kg3 Re8 33. Kh4
Kf7 34. Bd4 Rc8 35. Bc5 Re8 36. g4 h6 37. Kg3 g5 38. Kf3 Rh8 39. Ng3 Re8 40.
Kf2 Be6 41. Nh5 d4 42. Bxd4 Bxa2 43. Bg7 Bc4 44. Bxc4+ bxc4 45. Bxh6 Kg6 46.
Bg7 Rb8 47. Be5 Rxb2+ 48. Ke1 a5 49. Kd1 Rb5 50. Bd6 Rd5+ 0-1

[Event "4NCL Division 4 South"]
[Site "Telford, ENG ENG"]
[Date "2016.01.16"]
[Round "3.167"]
[White "Adams, Mark"]
[Black "Phillips, William"]
[Result "1/2-1/2"]
[WhiteElo "1986"]
[BlackElo "1917"]
[PlyCount "45"]
[EventDate "2016.01.16"]
[WhiteTeam "The Full Ponty"]
[BlackTeam "Cambridge University 3"]

1. e4 e5 2. Nf3 Nc6 3. Bb5 a6 4. Ba4 Nf6 5. d3 b5 6. Bb3 Be7 7. c3 d6 8. Nbd2
Na5 9. Bc2 c5 10. O-O Nc6 11. Re1 O-O 12. Nf1 Re8 13. Ng3 g6 14. h3 Bf8 15. Bb3
Na5 16. Bc2 Bg7 17. Bg5 Qc7 18. Qd2 Bb7 19. Rad1 d5 20. Nh2 dxe4 21. dxe4 Nc4
22. Qc1 h5 23. b3 1/2-1/2

[Event "4NCL Division 4 South"]
[Site "Telford, ENG ENG"]
[Date "2016.01.16"]
[Round "3.168"]
[White "Lim, Mark"]
[Black "Fletcher, John"]
[Result "1/2-1/2"]
[WhiteElo "1827"]
[BlackElo "1976"]
[PlyCount "140"]
[EventDate "2016.01.16"]
[WhiteTeam "Cambridge University 3"]
[BlackTeam "The Full Ponty"]

1. Nf3 d5 2. g3 Nc6 3. Bg2 e5 4. d3 Be7 5. O-O g5 6. c4 g4 7. Nfd2 d4 8. b3 h5
9. Ba3 Bxa3 10. Nxa3 h4 11. b4 Qe7 12. b5 Nb8 13. Nc2 f5 14. e3 hxg3 15. hxg3
f4 16. exf4 Bf5 17. Re1 Nd7 18. Bxb7 Qh7 19. Nf1 Ngf6 20. Bg2 Bxd3 21. fxe5 Be4
22. Rxe4 Nxe4 23. Qxg4 Nxf2 24. Qe6+ Kd8 25. Nxd4 Nh3+ 26. Bxh3 Qxh3 27. Qc6
Ke7 28. e6 Ne5 29. Qxc7+ Kf6 30. Qb7 Rad8 31. Rd1 Qg4 32. Rd2 Rxd4 33. Rf2+ Kg6
34. e7 Nf7 35. Qc6+ Nd6 36. Rf8 Kg7 37. Rxh8 Kxh8 38. e8=Q+ Nxe8 39. Qxe8+ Kg7
40. Qe7+ Kg6 41. c5 Rd1 42. Qe8+ Kf6 43. Qf8+ Ke5 44. Qf4+ Qxf4 45. gxf4+ Kxf4
46. b6 axb6 47. cxb6 Rb1 48. Kf2 Rb2+ 49. Ke1 Rxb6 50. Kd2 Rb2+ 51. Kd3 Rxa2
52. Nd2 Ra3+ 53. Kc2 Rg3 54. Nb3 Ke4 55. Nd2+ Kd5 56. Nb3 Rh3 57. Nd2 Kd4 58.
Nb3+ Kc4 59. Nd2+ Kb4 60. Ne4 Re3 61. Nd2 Rc3+ 62. Kd1 Rd3 63. Kc2 Rd7 64. Ne4
Kc4 65. Nd2+ Kd4 66. Nb3+ Ke3 67. Kc3 Rc7+ 68. Kb4 Ke4 69. Nc5+ Kd5 70. Nb3
Rb7+ 1/2-1/2